000 00611cam a22000977a 4500
008 180718b1960 It October to 31st December 1959, Ist Apriil to 30th June 1959 Ist July to 30th Sepember 1959 ist October to 31st December 1959 xxu||||| |||| 00| 0 eng d
082 _aR11x54
245 _aQuarterly report on employment in the public sector
_cby Ministry of Labour and Employment
260 _aNew Delhi
_bNational Emploment Service
_c1960 It October to 31st December 1959, Ist Apriil to 30th June 1959 Ist July to 30th Sepember 1959 ist October to 31st December 1959
700 _aIndia. Ministry of Labour and Employment
999 _c495539
_d495539